Empoli FC Squad 2022-2023 - Statistics

General Stats
  • This quiz has been taken 44 times
  • The average score is 16 of 34
Answer Stats
# Position Nation Player % Correct
13 GK Italy Guglielmo Vicario
93%
19 FW Italy Francesco Caputo
85%
3 DF New Zealand Liberato Cacace
78%
18 MF Romania Răzvan Marin
78%
35 MF Italy Tommaso Baldanzi
70%
10 MF Albania Nedim Bajrami
63%
33 DF Italy Sebastiano Luperto
63%
34 DF Albania Ardian Ismajli
59%
65 DF Italy Fabiano Parisi
59%
9 FW Uruguay Martín Satriano
59%
- Coach Italy Paolo Zanetti
59%
7 FW Netherlands Sam Lammers
59%
11 MF Ivory Coast Jean-Daniel Akpa Akpro
56%
32 MF Switzerland Nicolas Haas
52%
30 DF Slovenia Petar Stojanović
52%
25 MF Italy Filippo Bandinelli
48%
8 MF Scotland Liam Henderson
48%
24 DF Nigeria Tyronne Ebuehi
48%
22 GK Kosovo Samir Ujkani
44%
21 MF Italy Jacopo Fazzini
41%
6 DF Belgium Koni De Winter
41%
14 FW Croatia Marko Pjaca
41%
28 FW Italy Nicolò Cambiaghi
41%
1 GK Italy Samuele Perisan
37%
4 DF Poland Sebastian Walukiewicz
37%
23 FW Italy Mattia Destro
33%
91 FW Italy Roberto Piccoli
33%
5 MF Italy Alberto Grassi
30%
26 DF Italy Lorenzo Tonelli
22%
55 FW Italy Emanuel Vignato
19%
20 MF Italy Duccio Degli Innocenti
11%
27 FW Sweden Emmanuel Ekong
4%
36 DF Italy Gabriele Guarino
4%
40 GK Slovenia Lovro Štubljar
4%
No matching quizzes found
Score Distribution
Percent of People with Each Score
Percentile by Number Answered
Your Score History
You have not taken this quiz